Обзорная информация. 1975, №27: Харьковский мясокомбинат - предприятие высокой эффективности производства (Запись № 1879858)

Подробности
000 -МАРКЕР
контрольное поле 01669nam2a22002531 4500
001 - ИДЕНТИФИКАТОР ЗАПИСИ
контрольное поле RU\NLR\INFOCOMM29\5000084024
005 - ИДЕНТИФИКАТОР ВЕРСИИ
контрольное поле 20250617033422.0
035 ## - ДРУГИЕ СИСТЕМНЫЕ НОМЕРА
Идентификатор записи (NLR Aleph) 002418265
100 ## - ДАННЫЕ ОБЩЕЙ ОБРАБОТКИ
Данные общей обработки 20050125d1975 |||y0rusy50 ca
101 0# - ЯЗЫК РЕСУРСА
Язык текста, звукозаписи и т.д. русский
102 ## - СТРАНА ПУБЛИКАЦИИ ИЛИ ПРОИЗВОДСТВА
Страна публикации российская федерация
105 ## - ПОЛЕ КОДИРОВАННЫХ ДАННЫХ: ТЕКСТОВЫЕ МАТЕРИАЛЫ, МОНОГРАФИЧЕСКИЕ
Кодированные данные о монографическом текстовом документе y ||||000|y
200 1# - ЗАГЛАВИЕ И СВЕДЕНИЯ ОБ ОТВЕТСТВЕННОСТИ
Основное заглавие Харьковский мясокомбинат - предприятие высокой эффективности производства
Первые сведения об ответственности А.Т. Иванов и др.
210 ## - ПУБЛИКАЦИЯ, РАСПРОСТРАНЕНИЕ И ДР.
Дата издания, распространения и т.д. 1975
Место издания, распространения и т.д. Б. м.
461 #0 - УРОВЕНЬ НАБОРА
Встроенное поле 001RU\NLR\INFOCOMM29\5000083728
-- 2001#$aОбзорная информация$iСерия: Мясная промышленность$fМ-во мясной и молочной пром-сти СССР. Центр. науч.-исслед. ин-т информации и техн.-экон. исследований$v1975, №27
Системный номер (АБИС) связанной записи 1878344
Автор Центральный научно-исследовательский институт информации и технико-экономических исследований Министерства мясной и молочной промышленности СССР
Место публикации М.
Дата публикации 1974-1977
Первые сведения об ответственности М-во мясной и молочной пром-сти СССР. Центр. науч.-исслед. ин-т информации и техн.-экон. исследований
Заглавие части Серия: Мясная промышленность
Заглавие Обзорная информация
Номер тома 1975, №27
700 #1 - ИМЯ ЛИЦА - ПЕРВИЧНАЯ ОТВЕТСТВЕННОСТЬ
Начальный элемент ввода Иванов
Часть имени, кроме начального элемента ввода А.Т.
Код отношения Автор
801 #1 - ИСТОЧНИК ЗАПИСИ
Страна российская федерация
Организация InfoComm
Дата составления 20050125
801 #0 - ИСТОЧНИК ЗАПИСИ
Страна российская федерация
Организация NLR
Правила каталогизации PSBO
852 ## - МЕСТОНАХОЖДЕНИЕ И ШИФР ХРАНЕНИЯ
Идентификатор организации NLR
Шифр хранения (Call Number) П10/4906
942 ## - ДОПОЛНИТЕЛЬНЫЕ ЭЛЕМЕНТЫ ЗАПИСИ (АБИС)
Тип экземпляра АБИС Выпуск
980 ## - КОЛЛЕКЦИЯ
Название коллекции Национальная библиография
980 ## - КОЛЛЕКЦИЯ
Название коллекции Русская периодика

Нет доступных экземпляров.